Walt Whitman Nhà thơ lớn nước Mỹ

Spremljeno u:
Bibliografski detalji
Glavni autor: ĐINH THỊ ÁNH NGUYỆT
Format: Knjiga
Jezik:Undetermined
Izdano: Tp. HCM Trẻ 2002
Teme:
Oznake: Dodaj oznaku
Bez oznaka, Budi prvi tko označuje ovaj zapis!
Thư viện lưu trữ: Trung tâm Học liệu Trường Đại học Cần Thơ
LEADER 00537nam a2200181Ia 4500
001 CTU_47388
008 210402s9999 xx 000 0 und d
082 |a 811.4 
082 |b Ng528 
100 |a ĐINH THỊ ÁNH NGUYỆT 
245 0 |a Walt Whitman 
245 0 |b Nhà thơ lớn nước Mỹ 
245 0 |c ĐINH THỊ ÁNH NGUYỆT 
260 |a Tp. HCM 
260 |b Trẻ 
260 |c 2002 
650 |a american poetry - 19th century - history and criticism 
980 |a Trung tâm Học liệu Trường Đại học Cần Thơ